Sports Quiz

Random Sports or Soccer Quiz

Top 20 most expensive PSG Transfers Quiz Stats

 Plays Quiz not verified by Sporcle

Challenge
Share
Tweet
Embed
Score 0/20 Timer 08:00
2 Plays Today
Club bought from Player Name % Correct
BarcelonaNeymar
99.6%
NapoliEdinson Cavani
96.1%
ChelseaDavid Luiz
93.6%
Man UtdAngel Di Maria
93.4%
AC MilanThiago Silva
90%
São PauloLucas
83.6%
AC MilanZlatan Ibrahimovic
79.6%
WolfsburgJulian Draxler
76.4%
PalermoJavier Pastore
73%
NapoliEzequiel Lavezzi
63.5%
Club bought from Player Name % Correct
AS RomaMarquinhos
61.1%
PescaraMarco Verratti
58%
Real MadridJese Rodriguez
56.5%
NewcastleYohan Cabaye
52.8%
MonacoLayvin Kurzawa
47.9%
SevillaGrzegorz Krychowiak
45.5%
BenficaGoncalo Guedes
33.5%
LilleLucas Digne
28.5%
Real SociedadYuri Berchiche
18.5%
Real MadridNicolas Anelka
15.9%

You're not logged in!

Compare scores with friends on all Sporcle quizzes.
OR
Log In

You Might Also Like...

Show Comments

Extras

Top Quizzes Today


Score Distribution

Your Account Isn't Verified!

In order to create a playlist on Sporcle, you need to verify the email address you used during registration. Go to your Sporcle Settings to finish the process.

Report this User

Report this user for behavior that violates our Community Guidelines.

Details: